Tennessee Titans 2024 Opening Day Roster - Statistics

General Stats
  • This quiz has been taken 46 times
  • The average score is 19 of 53
Answer Stats
# Position Answer % Correct
8 QB Will Levis
100%
0 WR Calvin Ridley
95%
20 RB Tony Pollard
92%
11 QB Mason Rudolph
90%
2 RB Tyjae Spears
87%
16 WR Treylon Burks
79%
85 TE Chig Okonkwo
69%
10 WR DeAndre Hopkins
69%
15 WR Nick Westbrook-Ikhine
67%
83 WR Tyler Boyd
67%
98 DT Jeffery Simmons
64%
55 LT JC Latham
62%
38 CB L'Jarius Sneed
62%
6 K Nick Folk
51%
4 P Ryan Stonehouse
49%
37 S Amani Hooker
46%
77 LG Peter Skoronski
46%
93 DT T'Vondre Sweat
46%
36 RB Julius Chestnut
44%
81 TE Josh Whyle
36%
79 C Lloyd Cushenberry III,
36%
58 LB Harold Landry III
33%
21 CB Roger McCreary
33%
13 CB Chidobe Awuzie
31%
44 S Mike Brown
31%
19 WR Jha'Quan Jackson
26%
56 LB Kenneth Murray Jr.
26%
46 LS Morgan Cox
26%
69 DE Sebastian Joseph-Day
26%
49 LB Arden Key
23%
29 CB Jarvis Brownlee Jr
23%
51 LB Cedric Gray
21%
75 RG Dillon Radunz
21%
53 LB Ernest Jones
21%
78 RT Nicholas Petit-Frere
21%
28 S Quandre Diggs
21%
88 TE David Martin-Robinson
18%
52 LB James Williams
18%
84 TE Nick Vannett
18%
50 LB Jack Gibbens
15%
33 S Jamal Adams
13%
60 C Daniel Brunskill
10%
92 LB Jaylen Harrell
10%
61 RT John Ojukwu
10%
71 RT Jaelyn Duncan
8%
41 LB Otis Reese IV
8%
76 LG Andrew Rupcich
5%
24 S Elijah Molden
5%
57 LB Luke Gifford
5%
99 LB Rashad Weaver
5%
91 DE Keondre Coburn
3%
42 LB Caleb Murphy
0%
89 TE Thomas Odukoya
0%
No matching quizzes found
Score Distribution
Percent of People with Each Score
Percentile by Number Answered
Your Score History
You have not taken this quiz